Mississippi College Towns - Statistics

General Stats
  • This quiz has been taken 34 times
  • The average score is 12 of 15
Answer Stats
School City % Correct
Belhaven University Jackson
100%
Millsaps College Jackson
100%
Jackson State University Jackson
100%
Tougaloo College Jackson
100%
University of Mississippi Oxford
100%
Mississippi State University Starkville
97%
William Carey University Hattiesburg
87%
University of Southern Mississippi Hattiesburg
87%
Mississippi University for Women Columbus
70%
Delta State University Cleveland
67%
Mississippi Valley State University Itta Bena
57%
Blue Mountain Christian University Blue Mountain
53%
Rust College Holly Springs
53%
Mississippi Christian University Clinton
50%
Alcorn State University Lorman
50%
No matching quizzes found
Score Distribution
Percent of People with Each Score
Percentile by Number Answered
Your Score History
You have not taken this quiz